000 01809cam a2200169 4500500
005 20260208005210.0
041 _afre
042 _adc
100 1 0 _aM., A.
_eauthor
245 0 0 _aHistoire Mondiale des Conflits, thématique n° 7 : « Guerre d’Algérie »
260 _c2005.
500 _a69
520 _aLe modèle wordnet est le plus répandu des modèles de représentation de la sémantique lexicale reposant sur un inventaire de sens a priori. A la suite du Princeton WordNet de l’anglais, des ressources de type wordnet ont été développées pour plusieurs dizaines de langues, dont le français, le plus souvent au moyen de techniques automatiques ou semi-automatiques. Dans cet article, nous revenons tout d’abord sur les caractéristiques et les limites du modèle wordnet. Nous dressons ensuite un panorama des méthodes utilisées pour le développement de wordnets, avant d’illustrer nos propres travaux dans ce domaine par le développement du WOLF, le WOrdnet Libre du Français.
520 _aThe wordnet model is the most widespread model for representing lexical semantics based on an a priori inventory of meanings. Following the Princeton WordNet of English, wordnet-type resources have been developed for dozens of languages, including French, most often using automatic or semi-automatic techniques. In this article, we first review the characteristics and limitations of the wordnet model. We then present a panorama of wordnet development methods. We finally illustrate our own work in this area on the development of WOLF, the free French wordnet.
786 0 _nRevue Historique des Armées | 238 | 1 | 2005-01-21 | p. 136-136 | 0035-3299
856 4 1 _uhttps://shs.cairn.info/revue-revue-historique-des-armees-2005-1-page-136?lang=fr&redirect-ssocas=7080
999 _c1650992
_d1650992